<?xml version="1.0" encoding="UTF-8"?>
<record
    xmlns:xsi="http://www.w3.org/2001/XMLSchema-instance"
    xsi:schemaLocation="http://www.loc.gov/MARC21/slim http://www.loc.gov/standards/marcxml/schema/MARC21slim.xsd"
    xmlns="http://www.loc.gov/MARC21/slim">

  <leader>00717nam a22001577a 4500</leader>
  <controlfield tag="003">OSt</controlfield>
  <controlfield tag="005">20160823145602.0</controlfield>
  <controlfield tag="008">160823b        xxu||||| |||| 00| 0 eng d</controlfield>
  <datafield tag="040" ind1=" " ind2=" ">
    <subfield code="c">RUA</subfield>
  </datafield>
  <datafield tag="082" ind1=" " ind2=" ">
    <subfield code="a">AGR TOU 2015 B513 Or.1</subfield>
  </datafield>
  <datafield tag="100" ind1=" " ind2=" ">
    <subfield code="9">9398</subfield>
    <subfield code="a">TOUCH KIMLIENG, &#x1791;&#x17BC;&#x1785; &#x1782;&#x17B9;&#x1798;&#x179B;&#x17B6;&#x1784;</subfield>
  </datafield>
  <datafield tag="245" ind1=" " ind2=" ">
    <subfield code="a">Comparison different rates of rice husk charcoal on melon crop in high tunnel net condition, &#x1794;&#x17D2;&#x179A;&#x17C0;&#x1794;&#x1792;&#x17C0;&#x1794;&#x1780;&#x1798;&#x17D2;&#x179A;&#x17B7;&#x178F;&#x1792;&#x17D2;&#x1799;&#x17BC;&#x1784;&#x17A2;&#x1784;&#x17D2;&#x1780;&#x17B6;&#x1798;&#x1795;&#x17D2;&#x179F;&#x17C1;&#x1784;&#x17D7;&#x1782;&#x17D2;&#x1793;&#x17B6;&#x179B;&#x17BE;&#x178A;&#x17C6;&#x178E;&#x17B6;&#x17C6;&#x178F;&#x17D2;&#x179A;&#x179F;&#x1780;&#x17CB;&#x1795;&#x17D2;&#x17A2;&#x17C2;&#x1798;&#x1780;&#x17D2;&#x1793;&#x17BB;&#x1784;&#x179B;&#x1780;&#x17D2;&#x1781;&#x1781;&#x178E;&#x17D2;&#x178C;&#x1795;&#x17D2;&#x1791;&#x17C7;&#x179F;&#x17C6;&#x178E;&#x17B6;&#x1789;&#x17CB;</subfield>
  </datafield>
  <datafield tag="260" ind1=" " ind2=" ">
    <subfield code="a">Phnom Penh</subfield>
    <subfield code="b">RUA</subfield>
    <subfield code="c">2015</subfield>
  </datafield>
  <datafield tag="300" ind1=" " ind2=" ">
    <subfield code="a">xii; 55p.</subfield>
    <subfield code="b">ill.</subfield>
    <subfield code="c">29cm.</subfield>
  </datafield>
  <datafield tag="942" ind1=" " ind2=" ">
    <subfield code="2">ddc</subfield>
    <subfield code="c">AGR</subfield>
  </datafield>
  <datafield tag="999" ind1=" " ind2=" ">
    <subfield code="c">9049</subfield>
    <subfield code="d">9049</subfield>
  </datafield>
  <datafield tag="952" ind1=" " ind2=" ">
    <subfield code="0">0</subfield>
    <subfield code="1">0</subfield>
    <subfield code="2">ddc</subfield>
    <subfield code="4">0</subfield>
    <subfield code="6">AGR_TOU_2015_000000000000000_B513_OR_1</subfield>
    <subfield code="7">0</subfield>
    <subfield code="9">50578</subfield>
    <subfield code="a">LBB</subfield>
    <subfield code="b">LBB</subfield>
    <subfield code="c">B513</subfield>
    <subfield code="d">2016-08-23</subfield>
    <subfield code="o">AGR TOU 2015 B513 Or.1</subfield>
    <subfield code="p">RUA062335</subfield>
    <subfield code="r">2016-08-23</subfield>
    <subfield code="w">2016-08-23</subfield>
    <subfield code="y">AGR</subfield>
  </datafield>
  <datafield tag="952" ind1=" " ind2=" ">
    <subfield code="0">0</subfield>
    <subfield code="1">0</subfield>
    <subfield code="2">ddc</subfield>
    <subfield code="4">0</subfield>
    <subfield code="6">AGR_TOU_2015_000000000000000_B513_OR_2</subfield>
    <subfield code="7">0</subfield>
    <subfield code="9">50579</subfield>
    <subfield code="a">LBB</subfield>
    <subfield code="b">LBB</subfield>
    <subfield code="c">B513</subfield>
    <subfield code="d">2016-08-23</subfield>
    <subfield code="o">AGR TOU 2015 B513 Or.2</subfield>
    <subfield code="p">RUA061710</subfield>
    <subfield code="r">2016-08-23</subfield>
    <subfield code="w">2016-08-23</subfield>
    <subfield code="y">AGR</subfield>
  </datafield>
  <datafield tag="952" ind1=" " ind2=" ">
    <subfield code="0">0</subfield>
    <subfield code="1">0</subfield>
    <subfield code="2">ddc</subfield>
    <subfield code="4">0</subfield>
    <subfield code="6">AGR_TOU_2015_000000000000000_B513_OR_3</subfield>
    <subfield code="7">0</subfield>
    <subfield code="9">50580</subfield>
    <subfield code="a">LBB</subfield>
    <subfield code="b">LBB</subfield>
    <subfield code="c">B513</subfield>
    <subfield code="d">2016-08-23</subfield>
    <subfield code="l">6</subfield>
    <subfield code="o">AGR TOU 2015 B513 Or.3</subfield>
    <subfield code="p">RUA062155</subfield>
    <subfield code="r">2026-01-19</subfield>
    <subfield code="s">2025-09-26</subfield>
    <subfield code="w">2016-08-23</subfield>
    <subfield code="y">AGR</subfield>
  </datafield>
  <datafield tag="952" ind1=" " ind2=" ">
    <subfield code="0">0</subfield>
    <subfield code="1">0</subfield>
    <subfield code="2">ddc</subfield>
    <subfield code="4">0</subfield>
    <subfield code="6">AGR_TOU_2015_000000000000000_B513_OR_4</subfield>
    <subfield code="7">0</subfield>
    <subfield code="9">50581</subfield>
    <subfield code="a">LBB</subfield>
    <subfield code="b">LBB</subfield>
    <subfield code="c">B513</subfield>
    <subfield code="d">2016-08-23</subfield>
    <subfield code="l">4</subfield>
    <subfield code="m">4</subfield>
    <subfield code="o">AGR TOU 2015 B513 Or.4</subfield>
    <subfield code="p">RUA062735</subfield>
    <subfield code="r">2018-07-16</subfield>
    <subfield code="s">2018-05-28</subfield>
    <subfield code="w">2016-08-23</subfield>
    <subfield code="y">AGR</subfield>
  </datafield>
  <datafield tag="952" ind1=" " ind2=" ">
    <subfield code="0">0</subfield>
    <subfield code="1">0</subfield>
    <subfield code="2">ddc</subfield>
    <subfield code="4">0</subfield>
    <subfield code="6">AGR_TOU_2015_000000000000000_B513_OR_5</subfield>
    <subfield code="7">0</subfield>
    <subfield code="9">50582</subfield>
    <subfield code="a">LBB</subfield>
    <subfield code="b">LBB</subfield>
    <subfield code="c">B513</subfield>
    <subfield code="d">2016-08-23</subfield>
    <subfield code="l">1</subfield>
    <subfield code="o">AGR TOU 2015 B513 Or.5</subfield>
    <subfield code="p">RUA062731</subfield>
    <subfield code="r">2016-09-26</subfield>
    <subfield code="s">2016-09-19</subfield>
    <subfield code="w">2016-08-23</subfield>
    <subfield code="y">AGR</subfield>
  </datafield>
  <datafield tag="952" ind1=" " ind2=" ">
    <subfield code="0">0</subfield>
    <subfield code="1">0</subfield>
    <subfield code="2">ddc</subfield>
    <subfield code="4">0</subfield>
    <subfield code="6">AGR_TOU_2015_000000000000000_B513_OR_6</subfield>
    <subfield code="7">0</subfield>
    <subfield code="9">50583</subfield>
    <subfield code="a">LBB</subfield>
    <subfield code="b">LBB</subfield>
    <subfield code="c">B513</subfield>
    <subfield code="d">2016-08-23</subfield>
    <subfield code="l">2</subfield>
    <subfield code="o">AGR TOU 2015 B513 Or.6</subfield>
    <subfield code="p">RUA062675</subfield>
    <subfield code="r">2018-05-23</subfield>
    <subfield code="s">2018-05-11</subfield>
    <subfield code="w">2016-08-23</subfield>
    <subfield code="y">AGR</subfield>
  </datafield>
  <datafield tag="952" ind1=" " ind2=" ">
    <subfield code="0">0</subfield>
    <subfield code="1">0</subfield>
    <subfield code="2">ddc</subfield>
    <subfield code="4">0</subfield>
    <subfield code="6">AGR_TOU_2015_000000000000000_B513_OR_7</subfield>
    <subfield code="7">0</subfield>
    <subfield code="9">50584</subfield>
    <subfield code="a">LBB</subfield>
    <subfield code="b">LBB</subfield>
    <subfield code="c">B513</subfield>
    <subfield code="d">2016-08-23</subfield>
    <subfield code="l">4</subfield>
    <subfield code="o">AGR TOU 2015 B513 Or.7</subfield>
    <subfield code="p">RUA061820</subfield>
    <subfield code="r">2019-10-16</subfield>
    <subfield code="s">2019-10-04</subfield>
    <subfield code="w">2016-08-23</subfield>
    <subfield code="y">AGR</subfield>
  </datafield>
  <datafield tag="952" ind1=" " ind2=" ">
    <subfield code="0">0</subfield>
    <subfield code="1">0</subfield>
    <subfield code="2">ddc</subfield>
    <subfield code="4">0</subfield>
    <subfield code="6">AGR_TOU_2015_000000000000000_B513_OR_8</subfield>
    <subfield code="7">0</subfield>
    <subfield code="9">50585</subfield>
    <subfield code="a">LBB</subfield>
    <subfield code="b">LBB</subfield>
    <subfield code="c">B513</subfield>
    <subfield code="d">2016-08-23</subfield>
    <subfield code="l">3</subfield>
    <subfield code="o">AGR TOU 2015 B513 Or.8</subfield>
    <subfield code="p">RUA062367</subfield>
    <subfield code="r">2021-08-24</subfield>
    <subfield code="s">2021-08-10</subfield>
    <subfield code="w">2016-08-23</subfield>
    <subfield code="y">AGR</subfield>
  </datafield>
  <datafield tag="952" ind1=" " ind2=" ">
    <subfield code="0">0</subfield>
    <subfield code="1">0</subfield>
    <subfield code="2">ddc</subfield>
    <subfield code="4">0</subfield>
    <subfield code="6">AGR_TOU_2015_000000000000000_B642_OR_1</subfield>
    <subfield code="7">0</subfield>
    <subfield code="9">88264</subfield>
    <subfield code="a">LBB</subfield>
    <subfield code="b">LBB</subfield>
    <subfield code="c">B642</subfield>
    <subfield code="d">2021-12-15</subfield>
    <subfield code="l">5</subfield>
    <subfield code="o">AGR TOU 2015 B642 Or.1</subfield>
    <subfield code="p">a09628</subfield>
    <subfield code="r">2024-08-21</subfield>
    <subfield code="s">2024-08-06</subfield>
    <subfield code="w">2021-12-15</subfield>
    <subfield code="y">AGR</subfield>
  </datafield>
  <datafield tag="952" ind1=" " ind2=" ">
    <subfield code="0">0</subfield>
    <subfield code="1">0</subfield>
    <subfield code="2">ddc</subfield>
    <subfield code="4">0</subfield>
    <subfield code="6">AGR_TOU_2015_000000000000000_B642_OR_1</subfield>
    <subfield code="7">0</subfield>
    <subfield code="9">88265</subfield>
    <subfield code="a">LBB</subfield>
    <subfield code="b">LBB</subfield>
    <subfield code="c">B642</subfield>
    <subfield code="d">2021-12-15</subfield>
    <subfield code="l">10</subfield>
    <subfield code="o">AGR TOU 2015 B642 Or.1</subfield>
    <subfield code="p">a10140</subfield>
    <subfield code="r">2025-05-07</subfield>
    <subfield code="s">2025-04-25</subfield>
    <subfield code="w">2021-12-15</subfield>
    <subfield code="y">AGR</subfield>
  </datafield>
</record>
